[Event "RUS-chT U20"]
[Site "Kaliningrad"]
[Date "2013.08.07"]
[Round "6"]
[White "Vasilyev, Vasily"]
[Black "Volkovich, Maksim"]
[Result "1/2-1/2"]
[WhiteElo "2161"]
[BlackElo "2087"]
[PlyCount "80"]
[EventDate "2013.08.02"]
[EventType "team-swiss"]
[EventRounds "9"]
[EventCountry "RUS"]
[SourceTitle "EXT 2018"]
[Source "ChessBase"]
[SourceDate "2017.10.13"]
[SourceVersion "1"]
[SourceVersionDate "2017.10.13"]
[SourceQuality "1"]

1. d4 Nf6 2. g3 e6 3. Bg2 c5 4. Nf3 Nc6 5. 0-0 cxd4 6. Nxd4 Be7 7. c4 0-0 8. Nc3 a6 9. b3 Qc7 10. Bb2 b6 11. Rc1 Bb7 12. Nd5 exd5 13. cxd5 Bc5 14. dxc6 dxc6 15. Nf5 Rfd8 16. Qc2 Ne8 17. e3 Bf8 18. Be4 Kh8 19. Qe2 c5 20. Bb1 Qc6 21. f3 Kg8 22. Qc2 g6 23. Qc3 f6 24. Nh4 Bg7 25. Qc4+ Qd5 26. Qxd5+ Bxd5 27. e4 Bc6 28. Rfd1 Kf7 29. Kf2 Bh6 30. f4 Nd6 31. Bxf6 Kxf6 32. e5+ Ke7 33. exd6+ Rxd6 34. Re1+ Kf7 35. Nf3 Bxf3 36. Kxf3 Rad8 37. Re2 Bg7 38. Rce1 R8d7 39. Be4 Bc3 40. Rc1 Bf6 1/2-1/2

[Event "RUS-chT U20"]
[Site "Kaliningrad"]
[Date "2013.08.04"]
[Round "3"]
[White "Shashnev, Pavel"]
[Black "Volkovich, Maksim"]
[Result "0-1"]
[WhiteElo "1953"]
[BlackElo "2087"]
[PlyCount "110"]
[EventDate "2013.08.02"]
[EventType "team-swiss"]
[EventRounds "9"]
[EventCountry "RUS"]
[SourceTitle "EXT 2018"]
[Source "ChessBase"]
[SourceDate "2017.10.13"]
[SourceVersion "1"]
[SourceVersionDate "2017.10.13"]
[SourceQuality "1"]

1. e4 c5 2. c3 g6 3. Nf3 Bg7 4. d4 cxd4 5. cxd4 d5 6. e5 Bg4 7. Qb3 Qd7 8. Be2 Nc6 9. Be3 Nh6 10. Nc3 0-0 11. h3 Bxf3 12. Bxf3 Nf5 13. Bg4 Rad8 14. Bxf5 gxf5 15. f4 f6 16. Ne2 Kh8 17. 0-0 Rg8 18. Bd2 Bh6 19. Qd3 Rg6 20. Kh2 Rdg8 21. Rf2 e6 22. b4 Bf8 23. a3 Qg7 24. Rg1 Be7 25. b5 Nb8 26. Bb4 Bxb4 27. axb4 Nd7 28. g3 Nb6 29. Ra1 Rh6 30. Rxa7 Nc4 31. Ra1 Qd7 32. Nc3 Rhg6 33. Rfa2 Qe7 34. Ra8 fxe5 35. fxe5 Qxb4 36. Ne2 Rxa8 37. Rxa8+ Rg8 38. Rxg8+ Kxg8 39. g4 Qe1 40. Qf3 Nd2 41. Qg2 Nf1+ 42. Kh1 Ne3+ 43. Qg1 Qxe2 44. gxf5+ Kf8 45. Qg5 Qf3+ 46. Kg1 Nxf5 47. Qd8+ Kf7 48. Qf6+ Ke8 49. Qxe6+ Ne7 50. Qb6 Qxh3 51. e6 Qg4+ 52. Kh1 Nf5 53. Qxb7 Ng3+ 54. Kh2 Nf1+ 55. Kh1 Qf3+ 0-1

[Event "Moscow op-E"]
[Site "Moscow"]
[Date "2011.02.06"]
[Round "9.127"]
[White "Chernov, Yury"]
[Black "Volkovich, Maksim"]
[Result "1-0"]
[WhiteElo "2263"]
[BlackElo "2033"]
[PlyCount "81"]
[EventDate "2011.01.29"]
[EventType "swiss"]
[EventRounds "9"]
[EventCountry "RUS"]
[SourceTitle "EXT 2022"]
[Source "ChessBase"]
[SourceDate "2021.10.06"]
[SourceVersion "1"]
[SourceVersionDate "2021.10.06"]
[SourceQuality "1"]

1. e4 c5 2. Nc3 Nc6 3. g3 g6 4. Bg2 Bg7 5. Nge2 e6 6. 0-0 Nge7 7. d3 0-0 8. Rb1 Nd4 9. Nxd4 cxd4 10. Ne2 d6 11. c3 dxc3 12. bxc3 b6 13. f4 Ba6 14. c4 Qd7 15. Qb3 d5 16. cxd5 exd5 17. e5 Qf5 18. Rd1 Nc6 19. Bxd5 Na5 20. Qc2 Rac8 21. Nc3 Bxe5 22. fxe5 Qxe5 23. Bb2 Rfd8 24. Bg2 Qe3+ 25. Qf2 Qxf2+ 26. Kxf2 Bxd3 27. Rbc1 Nc4 28. Ba1 Ne5 29. Nd5 Ng4+ 30. Kg1 Be2 31. Rxc8 Rxc8 32. Re1 Kf8 33. h3 Nh6 34. Nf6 Rc2 35. Bf1 Nf5 36. Nxh7+ Kg8 37. Nf6+ Kg7 38. Ne4+ Kf8 39. Rxe2 Rc1 40. Bf6 Rc6 41. Rd2 1-0

[Event "Moscow op-E"]
[Site "Moscow"]
[Date "2011.02.03"]
[Round "6.137"]
[White "Volkovich, Maksim"]
[Black "Malygin, Alexander"]
[Result "0-1"]
[WhiteElo "2033"]
[BlackElo "2192"]
[PlyCount "80"]
[EventDate "2011.01.29"]
[EventType "swiss"]
[EventRounds "9"]
[EventCountry "RUS"]
[SourceTitle "EXT 2022"]
[Source "ChessBase"]
[SourceDate "2021.10.06"]
[SourceVersion "1"]
[SourceVersionDate "2021.10.06"]
[SourceQuality "1"]

1. e4 Nc6 2. Nf3 d6 3. d4 Bg4 4. Be3 Nf6 5. Nc3 g6 6. Be2 Bg7 7. h3 Bxf3 8. Bxf3 0-0 9. 0-0 h6 10. d5 Ne5 11. Be2 c5 12. Qd2 Kh7 13. f4 Ned7 14. e5 dxe5 15. fxe5 Nxe5 16. Bxc5 Nfd7 17. Bd4 Qa5 18. Rad1 a6 19. Rf4 Rac8 20. Rh4 Kg8 21. Be3 g5 22. Ra4 Qc7 23. d6 exd6 24. Qxd6 Qxd6 25. Rxd6 f5 26. Rb4 f4 27. Bd4 Rc7 28. Bf3 Rb8 29. Be4 Bf8 30. Bxe5 Nxe5 31. Rbb6 Bxd6 32. Rxd6 Kg7 33. Re6 Nf7 34. Nd5 Rc6 35. Re7 Rd6 36. c4 Kf8 37. Rc7 Rc6 38. Rxc6 bxc6 39. Nc7 Ne5 40. b3 a5 0-1

[Event "Moscow op-E"]
[Site "Moscow"]
[Date "2011.02.02"]
[Round "5.202"]
[White "Syzdyk, Tolendi"]
[Black "Volkovich, Maksim"]
[Result "0-1"]
[WhiteElo "1857"]
[BlackElo "2033"]
[PlyCount "88"]
[EventDate "2011.01.29"]
[EventType "swiss"]
[EventRounds "9"]
[EventCountry "RUS"]
[SourceTitle "EXT 2022"]
[Source "ChessBase"]
[SourceDate "2021.10.06"]
[SourceVersion "1"]
[SourceVersionDate "2021.10.06"]
[SourceQuality "1"]

1. e4 c5 2. Nc3 d6 3. g3 Nc6 4. Bg2 g6 5. f4 Bg7 6. h3 Nf6 7. Nf3 Nd4 8. d3 0-0 9. 0-0 Ne8 10. Nd5 e6 11. Ne3 Nc7 12. c3 Nc6 13. g4 f5 14. gxf5 exf5 15. exf5 gxf5 16. Ng5 Be6 17. Qh5 h6 18. Nxe6 Nxe6 19. Bd5 Qe8 20. Qxe8 Raxe8 21. Nc4 Kh8 22. Nxd6 Rd8 23. Bxe6 Rxd6 24. Bc4 Re8 25. Kf2 Na5 26. Bb5 Red8 27. Be3 a6 28. Ba4 Rxd3 29. Rad1 Nc4 30. Bc2 Rxd1 31. Rxd1 Rxd1 32. Bxd1 Nxb2 33. Bc2 c4 34. Bd4 b5 35. Ke2 Bxd4 36. cxd4 Kg7 37. Bxf5 Kf6 38. Bc2 a5 39. d5 b4 40. Kd2 a4 41. Bh7 c3+ 42. Kc2 Nc4 43. Kd3 b3 44. a3 c2 0-1

[Event "Moscow op-E"]
[Site "Moscow"]
[Date "2011.01.31"]
[Round "3.122"]
[White "Pletnev, Evgeniy"]
[Black "Volkovich, Maksim"]
[Result "1-0"]
[WhiteElo "2245"]
[BlackElo "2033"]
[PlyCount "95"]
[EventDate "2011.01.29"]
[EventType "swiss"]
[EventRounds "9"]
[EventCountry "RUS"]
[SourceTitle "EXT 2022"]
[Source "ChessBase"]
[SourceDate "2021.10.06"]
[SourceVersion "1"]
[SourceVersionDate "2021.10.06"]
[SourceQuality "1"]

1. d4 g6 2. e4 Bg7 3. Be3 d6 4. Nc3 Nf6 5. h3 Nbd7 6. Nf3 e5 7. dxe5 dxe5 8. Bc4 0-0 9. 0-0 Qe7 10. Qe2 Nb6 11. Bb3 c6 12. Rfd1 Bd7 13. a4 Rad8 14. a5 Nc8 15. Qc4 Be6 16. Qa4 Nd7 17. Ng5 Bxb3 18. Qxb3 h6 19. Nf3 b6 20. Qc4 Nb8 21. axb6 axb6 22. Ne1 Kh7 23. Nd3 f5 24. f3 Qb7 25. Qb3 Qc7 26. h4 f4 27. Bf2 Nd7 28. Qc4 Nd6 29. Qb3 Ra8 30. Na4 Nb5 31. c3 Ra7 32. Nb4 Rfa8 33. Ra2 c5 34. Rxd7 Qxd7 35. Nxb6 Qd2 36. Nxa8 Qc1+ 37. Kh2 Rd7 38. Nd5 Qf1 39. Qc2 g5 40. Bxc5 Nd4 41. cxd4 g4 42. fxg4 f3 43. gxf3 Rf7 44. Ra3 exd4 45. e5+ Kh8 46. Nf6 Rxf6 47. exf6 Bxf6 48. Bd6 1-0

[Event "Kostroma Volga Cup op"]
[Site "Kostroma"]
[Date "2009.07.??"]
[Round "1"]
[White "Mikhailov, Alexey M"]
[Black "Volkovich, Maksim"]
[Result "0-1"]
[WhiteElo "1924"]
[BlackElo "2050"]
[PlyCount "74"]
[EventDate "2009.07.03"]
[EventType "swiss"]
[EventRounds "9"]
[EventCountry "RUS"]
[SourceTitle "EXT 2021"]
[Source "ChessBase"]
[SourceDate "2020.10.23"]
[SourceVersion "1"]
[SourceVersionDate "2020.10.23"]
[SourceQuality "1"]

1. e4 c5 2. c3 g6 3. Nf3 Bg7 4. d4 cxd4 5. cxd4 d5 6. e5 Nc6 7. Nc3 Bg4 8. Be2 Nh6 9. 0-0 0-0 10. Be3 a6 11. Rc1 Nf5 12. Na4 Nxe3 13. fxe3 Bh6 14. Rc3 e6 15. Nc5 Qe7 16. a3 Rac8 17. b4 a5 18. Qb3 axb4 19. axb4 b6 20. Na4 Qb7 21. Rfc1 Ne7 22. Rxc8 Rxc8 23. Rxc8+ Qxc8 24. Nxb6 Qc1+ 25. Kf2 Nf5 26. g3 Bxe3+ 27. Kg2 Nxd4 28. Qa4 Bxf3+ 29. Bxf3 Qg1+ 30. Kh3 Qf1+ 31. Bg2 Qf5+ 32. g4 Qd3 33. Qe8+ Kg7 34. Bf3 Nxf3 35. Nd7 Ng5+ 36. Kh4 Bf2+ 37. Kxg5 Qe3# 0-1

[Event "Kostroma Volga Cup op"]
[Site "Kostroma"]
[Date "2009.07.??"]
[Round "7"]
[White "Olhovskiy, Aleksandr"]
[Black "Volkovich, Maksim"]
[Result "0-1"]
[WhiteElo "1884"]
[BlackElo "2050"]
[PlyCount "76"]
[EventDate "2009.07.03"]
[EventType "swiss"]
[EventRounds "9"]
[EventCountry "RUS"]
[SourceTitle "EXT 2021"]
[Source "ChessBase"]
[SourceDate "2020.10.23"]
[SourceVersion "1"]
[SourceVersionDate "2020.10.23"]
[SourceQuality "1"]

1. e4 c5 2. Nf3 d6 3. d4 cxd4 4. Nxd4 Nf6 5. Nc3 a6 6. Bc4 e6 7. 0-0 b5 8. Bb3 b4 9. Na4 Nxe4 10. f4 Nf6 11. f5 e5 12. Nf3 Nc6 13. Bg5 Bb7 14. Be3 Ne7 15. Nb6 Rb8 16. Ng5 d5 17. Kh1 Bc6 18. Na4 Neg8 19. Bc5 Bd6 20. Re1 Ne7 21. Bxd6 Qxd6 22. Nf3 e4 23. Nd4 0-0 24. Nxc6 Nxc6 25. g4 Qf4 26. Rf1 Qg5 27. Nc5 a5 28. Rg1 Ne5 29. h3 Qe3 30. Qf1 Qxc5 31. Qf4 Nf3 32. g5 Ne8 33. Rg3 f6 34. g6 h6 35. Qxb8 Nd6 36. Bxd5+ Qxd5 37. Qa7 Nxf5 38. Rg2 e3 0-1

[Event "Kostroma Volga Cup op"]
[Site "Kostroma"]
[Date "2009.07.??"]
[Round "3"]
[White "Sivokho, Sergey V"]
[Black "Volkovich, Maksim"]
[Result "1-0"]
[WhiteElo "2469"]
[BlackElo "2050"]
[PlyCount "99"]
[EventDate "2009.07.03"]
[EventType "swiss"]
[EventRounds "9"]
[EventCountry "RUS"]
[SourceTitle "EXT 2021"]
[Source "ChessBase"]
[SourceDate "2020.10.23"]
[SourceVersion "1"]
[SourceVersionDate "2020.10.23"]
[SourceQuality "1"]

1. e4 c5 2. Nf3 d6 3. d4 cxd4 4. Nxd4 Nf6 5. Nc3 a6 6. Be3 e5 7. Nb3 Be6 8. Qd2 Be7 9. f3 Nbd7 10. 0-0-0 0-0 11. g4 b5 12. g5 b4 13. Ne2 Nh5 14. Ng3 Nf4 15. h4 a5 16. Kb1 Nc5 17. Nd4 a4 18. Ngf5 exd4 19. Bxf4 b3 20. cxb3 Bxf5 21. exf5 Nxb3 22. Qd3 Nc5 23. Qxd4 Qc8 24. Bh3 f6 25. Rhe1 Ra7 26. Re3 Rd8 27. Rde1 Bf8 28. Qd5+ Kh8 29. Bf1 g6 30. fxg6 hxg6 31. Bc4 Bg7 32. gxf6 Bxf6 33. Bg5 Bxg5 34. hxg5 Qf5+ 35. Qxf5 gxf5 36. Bd5 f4 37. Re7 Rxe7 38. Rxe7 Rd7 39. Rxd7 Nxd7 40. Kc2 Kg7 41. Be4 d5 42. Bxd5 Kg6 43. Kc3 Kxg5 44. Kd4 Kf5 45. Be4+ Ke6 46. Bc2 Ne5 47. Ke4 Nc4 48. Bxa4 Nxb2 49. Bb3+ Kf6 50. Kd4 1-0

[Event "Central FO-ch"]
[Site "Gagarin"]
[Date "2009.05.05"]
[Round "7"]
[White "Kalashnikov, Viktor"]
[Black "Volkovich, Maksim"]
[Result "1/2-1/2"]
[WhiteElo "2111"]
[BlackElo "1937"]
[PlyCount "90"]
[EventDate "2009.05.01"]
[EventType "swiss"]
[EventRounds "9"]
[EventCountry "RUS"]
[SourceTitle "CBM 130 Extra"]
[Source "ChessBase"]
[SourceDate "2009.07.02"]
[SourceVersion "2"]
[SourceVersionDate "2009.07.15"]
[SourceQuality "1"]

1. d4 e6 2. c4 Bb4+ 3. Bd2 a5 4. Nf3 Nf6 5. a3 Bxd2+ 6. Nbxd2 a4 7. e4 d5 8. e5 Ne4 9. c5 0-0 10. Bd3 Nxd2 11. Qxd2 f5 12. 0-0 Nc6 13. Bb5 Bd7 14. Bxc6 Bxc6 15. Rfc1 Qe7 16. Rc3 h6 17. Ne1 Kh7 18. Nc2 Be8 19. b4 g5 20. Ne1 Rg8 21. Qd3 c6 22. Rac1 Bd7 23. Qc2 Rg7 24. Nd3 g4 25. Nb2 Be8 26. Nxa4 Bg6 27. Nb2 f4 28. Qd2 Rf8 29. Nd1 Be4 30. Rb3 Qh4 31. a4 Bxg2 32. Kxg2 f3+ 33. Kg1 Qh3 34. Ne3 Rg5 35. Qd3+ Kh8 36. Qf1 Qh4 37. Kh1 g3 38. fxg3 Rxg3 39. Qf2 Rfg8 40. Rcb1 Qh3 41. R3b2 Rg2 42. Nxg2 Rxg2 43. Qxg2 fxg2+ 44. Rxg2 Qf3 45. Rbb2 h5 1/2-1/2

[Event "Central FO-ch"]
[Site "Gagarin"]
[Date "2009.05.04"]
[Round "5"]
[White "Pogosian, Manvel"]
[Black "Volkovich, Maksim"]
[Result "1-0"]
[WhiteElo "2236"]
[BlackElo "1937"]
[PlyCount "79"]
[EventDate "2009.05.01"]
[EventType "swiss"]
[EventRounds "9"]
[EventCountry "RUS"]
[SourceTitle "CBM 130 Extra"]
[Source "ChessBase"]
[SourceDate "2009.07.02"]
[SourceVersion "2"]
[SourceVersionDate "2009.07.15"]
[SourceQuality "1"]

1. d4 e6 2. Nf3 b6 3. g3 Bb7 4. Bg2 f5 5. 0-0 Nf6 6. c4 Be7 7. Nc3 0-0 8. d5 exd5 9. Nd4 Nc6 10. cxd5 Nxd4 11. Qxd4 Bc5 12. Qd3 Ng4 13. Bd2 Qf6 14. Qc2 Rae8 15. h3 Ne5 16. Rad1 Ng6 17. Kh2 Ba6 18. Bc1 f4 19. Ne4 Qf5 20. g4 Qe5 21. Bf3 Bd4 22. Rfe1 Kh8 23. Qa4 Bxe2 24. Rxe2 Nh4 25. Qb3 Be3 26. Nd2 Qd4 27. Rde1 h5 28. gxh5 Bxf2 29. Rxe8 Bxe1 30. Rxf8+ Kh7 31. Ne4 Bg3+ 32. Kh1 Qe5 33. Qd3 g6 34. Rf7+ Kg8 35. hxg6 Nxg6 36. Rxd7 Qf5 37. Bg4 Qe5 38. Be6+ Kf8 39. Rf7+ Kg8 40. Nf6+ 1-0

[Event "Central FO-ch"]
[Site "Gagarin"]
[Date "2009.05.03"]
[Round "3"]
[White "Volkovich, Maksim"]
[Black "Andreev, Vitaliy"]
[Result "1/2-1/2"]
[WhiteElo "1937"]
[BlackElo "2255"]
[PlyCount "115"]
[EventDate "2009.05.01"]
[EventType "swiss"]
[EventRounds "9"]
[EventCountry "RUS"]
[SourceTitle "CBM 130 Extra"]
[Source "ChessBase"]
[SourceDate "2009.07.02"]
[SourceVersion "2"]
[SourceVersionDate "2009.07.15"]
[SourceQuality "1"]

1. e4 e5 2. Nf3 Nc6 3. Bc4 Be7 4. 0-0 Nf6 5. d4 d6 6. c3 0-0 7. Be3 Bg4 8. Nbd2 d5 9. exd5 Nxd5 10. Qc2 exd4 11. Bxd4 Nxd4 12. Nxd4 c6 13. h3 Bh5 14. Bd3 Bg6 15. Bxg6 hxg6 16. Ne4 Qc7 17. Rad1 Rad8 18. Rfe1 a6 19. c4 Nf4 20. a3 Rd7 21. Nf3 Rfd8 22. Rxd7 Qxd7 23. Neg5 f6 24. Qe4 Bd6 25. c5 Bc7 26. g3 Nd5 27. Qe6+ Qxe6 28. Nxe6 Re8 29. Nxc7 Rxe1+ 30. Nxe1 Nxc7 31. Nd3 Kf7 32. Kf1 g5 33. Ke2 Ke6 34. h4 gxh4 35. gxh4 Kf5 36. f3 Nd5 37. Nf2 Nf4+ 38. Kd2 Ng2 39. h5 Nf4 40. Ne4 Ke6 41. Nd6 b5 42. Ne8 Nxh5 43. Nc7+ Ke5 44. Nxa6 Kd5 45. b3 Nf4 46. Ke3 Ne6 47. b4 g5 48. Nb8 Nf8 49. Kd3 f5 50. Ke3 Ne6 51. Nd7 Nd8 52. Nb6+ Ke5 53. a4 f4+ 54. Kd3 bxa4 55. Nxa4 Kf5 56. Nc3 Ne6 57. Ne4 g4 58. Nd6+ 1/2-1/2

[Event "RUS-ch U12"]
[Site "Dagomys"]
[Date "2009.04.??"]
[Round "4"]
[White "Orekhov, Ilya"]
[Black "Volkovich, Maksim"]
[Result "0-1"]
[WhiteElo "2052"]
[BlackElo "2050"]
[PlyCount "90"]
[EventDate "2009.04.15"]
[EventType "swiss"]
[EventRounds "9"]
[EventCountry "RUS"]
[SourceTitle "EXT 2012"]
[Source "ChessBase"]
[SourceDate "2011.11.24"]
[SourceVersion "1"]
[SourceVersionDate "2011.11.24"]
[SourceQuality "1"]

1. d4 Nf6 2. c4 c5 3. d5 b5 4. cxb5 a6 5. e3 g6 6. bxa6 Bxa6 7. Bxa6 Nxa6 8. Ne2 Bg7 9. 0-0 0-0 10. Nbc3 d6 11. e4 Qb6 12. h3 Nd7 13. Rb1 Ne5 14. a3 Rfb8 15. b3 Nd7 16. Be3 Qa5 17. Qc1 Nc7 18. a4 Ne5 19. Qc2 Na6 20. f4 Nb4 21. Qd2 Nd7 22. Nb5 Qd8 23. Nec3 Nb6 24. Rbd1 f5 25. exf5 gxf5 26. Qe2 Qd7 27. Rfe1 Re8 28. Bf2 Bf6 29. Qh5 Nc2 30. Re2 Nd4 31. Bxd4 cxd4 32. Nxd4 Bxd4+ 33. Rxd4 e5 34. fxe5 dxe5 35. Rh4 Re7 36. Re3 Kh8 37. d6 Rg7 38. Qh6 Qc6 39. Kf1 Qxg2+ 40. Ke1 Rf8 41. a5 Nd5 42. Nxd5 Qxd5 43. Rc4 Rg1+ 44. Ke2 Qd1+ 45. Kf2 Qf1# 0-1

[Event "Voronezh op-B"]
[Site "Voronezh"]
[Date "2008.06.20"]
[Round "9"]
[White "Martov, Vadim"]
[Black "Volkovich, Maksim"]
[Result "0-1"]
[WhiteElo "2041"]
[BlackElo "1873"]
[PlyCount "82"]
[EventDate "2008.06.12"]
[EventType "swiss"]
[EventRounds "9"]
[EventCountry "RUS"]
[SourceTitle "CBM 125 Extra"]
[Source "ChessBase"]
[SourceDate "2008.09.01"]
[SourceVersion "1"]
[SourceVersionDate "2008.09.01"]
[SourceQuality "1"]

1. d4 e6 2. Nf3 b6 3. e3 Bb7 4. Bd3 f5 5. 0-0 Nf6 6. c4 Be7 7. Nc3 0-0 8. b3 Ne4 9. Bb2 Bf6 10. Qe2 c5 11. Rad1 Na6 12. Rfe1 Nc7 13. Bb1 d5 14. Ne5 Qe7 15. f3 Nxc3 16. Bxc3 Rfd8 17. a4 Bxe5 18. dxe5 dxc4 19. bxc4 Bc6 20. Bc2 Rab8 21. Rd6 Rxd6 22. exd6 Qxd6 23. Rd1 Qe7 24. Qd2 Ne8 25. Be5 Rb7 26. Qd8 Qxd8 27. Rxd8 Kf7 28. Kf2 a6 29. Ke2 Ra7 30. Rc8 Bb7 31. Rb8 Ke7 32. Bd3 Bc6 33. a5 bxa5 34. Rb6 Kd7 35. Kd2 a4 36. Kc2 g6 37. h4 Nd6 38. Rb8 Nc8 39. Be2 Rb7 40. Rxb7+ Bxb7 41. g4 Ne7 0-1

[Event "Voronezh op-B"]
[Site "Voronezh"]
[Date "2008.06.19"]
[Round "8"]
[White "Volkovich, Maksim"]
[Black "Pranizin, Gennady"]
[Result "1/2-1/2"]
[WhiteElo "1873"]
[BlackElo "2086"]
[PlyCount "115"]
[EventDate "2008.06.12"]
[EventType "swiss"]
[EventRounds "9"]
[EventCountry "RUS"]
[SourceTitle "CBM 125 Extra"]
[Source "ChessBase"]
[SourceDate "2008.09.01"]
[SourceVersion "1"]
[SourceVersionDate "2008.09.01"]
[SourceQuality "1"]

1. e4 e5 2. Nf3 Nc6 3. d4 exd4 4. Nxd4 Bc5 5. Nxc6 Qf6 6. Qf3 dxc6 7. Qxf6 Nxf6 8. f3 Be6 9. Bd3 0-0-0 10. Nc3 Rhe8 11. Bd2 Nd7 12. Bf4 Bb4 13. 0-0 Nc5 14. Be2 Bxc3 15. bxc3 Na4 16. Bd3 Nxc3 17. Be5 Nxa2 18. Bxg7 a6 19. Bf6 Rd7 20. e5 h5 21. f4 Nb4 22. f5 Bd5 23. Rf4 c5 24. Be2 Rg8 25. g3 Nxc2 26. Rc1 Bb3 27. Bxh5 Nb4 28. Rh4 b6 29. g4 a5 30. g5 Nd3 31. Ra1 Nxe5 32. Bxe5 Rxg5+ 33. Bg4 Bc2 34. Bf4 Rg8 35. Kf2 f6 36. Rc1 Bd3 37. h3 Rd5 38. Rh7 Bxf5 39. Rxc7+ Kd8 40. Bxf5 Rxf5 41. Rd1+ Ke8 42. Kf3 Rh5 43. Rc8+ Kf7 44. Rd7+ Ke6 45. Rd6+ Kf7 46. Rc7+ Kg6 47. Kg4 Rgh8 48. Rcc6 Rh4+ 49. Kf3 Rxh3+ 50. Bg3 Rf8 51. Kg4 Rh5 52. Bh4 Rf5 53. Rxb6 Rf1 54. Rdc6 c4 55. Rxc4 Rg8 56. Rf4 Rxf4+ 57. Kxf4 Kf7 58. Kf5 1/2-1/2